Statistiques concernant 50 bandes dessinées cultes

Cliquez ici pour prendre le quiz!

Statistiques générales

  • Ce quiz a été pris 155 fois
  • Le résultat moyen est 12 sur 50

Statistiques - réponses

NuméroRéponse% Correct
1Les Aventures De Tintin
96%
2Astérix
83%
7Spirou Et Fantasio
65%
5Gaston Lagaffe
63%
31Boule Et Bill
59%
10Les Schtroumpfs
54%
15Lucky Luke
54%
39Titeuf
54%
38Cédric
39%
49Marsupilami
36%
3Blake Et Mortimer
34%
11Kid Paddle
32%
36La Dynastie Donald Duck / Picsou
31%
16Les Tuniques Bleues
31%
4Garfield
28%
40L'élève Ducobu
27%
27Largo Winch
26%
37Mickey Mouse
26%
13Yakari
25%
8Léonard
24%
50Les Profs
24%
41Thorgal
24%
46Johan Et Pirlouit
22%
34Corto Maltese
20%
6Le Chat
20%
12Achille Talon
19%
33Le Petit Spirou
19%
20Lanfeust De Troy
16%
47Yoko Tsuno
14%
21Snoopy
12%
45Iznogoud
11%
28Les Bidochon
11%
29Natacha
11%
48Benoît Brisefer
10%
17Les Femmes En Blanc
10%
19Bécassine
9%
24Blacksad
8%
35L'agent 212
8%
18Cubitus
7%
25Pierre Tombal
6%
14Sylvain Et Sylvette
6%
22Calvin Et Hobbes
5%
26Popeye
5%
23Les Rugbymen
4%
44Les Aventures Extraordinaires D'Adèle Blanc-Sec
3%
42Le Scrameustache
3%
30Idées Noires
2%
32Litteul Kevin
2%
9Gai-Luron
1%
43Garulfo
0%

Distribution des résultats

Percentile par nombre de réponses

% des personnes avec chaque résultat

Votre développement - résultats

Vous n’avez pas pris ce quiz